01405nam a2200445 450000100060000000300090000600500170001500700060003200800300003802000180006804000350008608200250012110000330014624500770017925000060025626000060026226400490026830000280031733600270034533700340037233800280040649000210043450000060045559000260046165000310048765000330051865000360055165000060058770000420059374000210063574000340065674000200069074000190071074000140072974000250074391000400076894200120080895201220082099900170094245124DO-SdBPM20250523100752.045124160922b2010 p| 00| 0 a spa d a9786124063749 aDO-SdBPMbspacBPMSUerdadrda 4a888.6bE76p 20102221 aEsopo,d620-550 a. de C. c 10a El pastorcito mentiroso /c Esopo ; ilustración Gerson Jara Morales  a  a  aLima, Perú : bEditorial Educativa, c2012 a10 p. :bils. ;c27cm.  atextobtxt2rdacontent asin mediación bn2rdamedia avolumenbnc2rdacarrier0 aCuentos selectos a  aInventariado, 2025/VM 7aCuentos infantiles griegos 4a Literatura infantil griega  4a Libros ilustrados para niños a 1 aJara Morales, Gerson eilustración  a Caperucita roja aLa princesa y la rana La dama aLa Blancanieves aLa cenicienta  aRuiponche aLos siente cuervos.  aVMateo V. Control de calidad. BPMSU 2ddccBK 00102ddc708CI-GaBPMETbBPMETd2025-05-23l0oBPMSU CGI 888.6 E76p 2010pBPMSU25050079r2025-05-23w2025-05-23yBK c15094d15094